Markets (Record no. 83761)
[ view plain ]
| 000 -LEADER | |
|---|---|
| fixed length control field | 01095cab a22001935a 4500 |
| 001 - CONTROL NUMBER | |
| control field | L154964 |
| 008 - FIXED-LENGTH DATA ELEMENTS--GENERAL INFORMATION | |
| fixed length control field | 120213e20120203xxk 000 0 eng d |
| 035 ## - SYSTEM CONTROL NUMBER | |
| System control number | (Sirsi) u154964 |
| 041 0# - LANGUAGE CODE | |
| Language code of text/sound track or separate title | eng |
| 100 1# - MAIN ENTRY--PERSONAL NAME | |
| Personal name | Hatcher, David |
| 245 00 - TITLE STATEMENT | |
| Title | Markets |
| Remainder of title | West Midlands |
| 260 ## - PUBLICATION, DISTRIBUTION, ETC. | |
| Date of publication, distribution, etc. | 2012 |
| 490 #0 - SERIES STATEMENT | |
| Series statement | Property Week |
| Volume/sequential designation | 78(05) 3 February 2012, 45-56(5) |
| 520 ## - SUMMARY, ETC. | |
| Summary, etc. | Potential leaseholders who have registered bids for Ballymore's 2 Cornwall Street, Birmingham office site will also have to negotiate with likely new freeholder Nurton. Looks at winning and losing sites affected by the future location of the HS2 Curzon Street station in Birmingham. Birmingham Science Park Aston's next phase, Digital Plaza, has attracted potential development partners. Bruntwood buys Birmingham's City Centre for £22m. Law firm Shoosmiths is searching for 40 000 sq ft of office space in Birmingham city centre. Roxhill is preparing a planning application for 4.6m sq ft of sheds and offices at Coventry airport. |
| 590 ## - LOCAL NOTE (RLIN) | |
| Local note | KA |
| 651 #4 - SUBJECT ADDED ENTRY--GEOGRAPHIC NAME | |
| Geographic name | West Midlands |
| 690 ## - LOCAL SUBJECT ADDED ENTRY--TOPICAL TERM (OCLC, RLIN) | |
| Topical term or geographic name as entry element | Commercial property |
| 9 (RLIN) | 6227 |
| 942 ## - ADDED ENTRY ELEMENTS (KOHA) | |
| Suppress in OPAC | 0 |
| Withdrawn status | Lost status | Source of classification or shelving scheme | Damaged status | Not for loan | Home library | Current library | Shelving location | Date acquired | Total Checkouts | Full call number | Barcode | Date last seen | Copy number | Price effective from | Koha item type |
|---|---|---|---|---|---|---|---|---|---|---|---|---|---|---|---|
| Dewey Decimal Classification | London | London | Journal article | 13/02/2012 | L154964 | 154964-1001 | 06/08/2019 | 1 | 06/08/2019 | Journal article |